000 00416nam a22001817a 4500
003 MPLRDC
005 20220104123618.0
008 210129b ||||| |||| 00| 0 eng d
020 _a957-469-372-4
082 _a911.6 YJY
100 _a杨久颖
245 _a女摇滚
_c
250 _a初版
260 _a台湾
_b猫头鹰出版社
_c2001
300 _b127
650 _a摇滚乐
942 _cBK
_o911.6 YJY
999 _c12789
_d12779